Peace Corps program impact in the Peruvian Andes ; final report /

Bibliographic Details
Main Author: Dobyns, Henry F.
Corporate Author: Cornell Peru Project
Format: Book
Language:English
Published: [Ithaca,, N. Y.] : Cornell University, Department of Anthropology, Cornell Peru Project, [1966?]
Subjects:

MARC

Tag First Indicator Second Indicator Subfields
LEADER 00000cam a2200000 4500
001 in00000063235
005 20151008051726.0
008 720906s1966 nyua b 00000 eng u
035 |a (OCoLC)00399626 
035 |9 AAG9635AM 
040 |c MRC  |d TXA  |d UtOrBLW 
049 |a TXAM  |c [466426] 
090 |a HC60.5  |b .D6 
092 |a 309.223  |b D635p 
100 1 |a Dobyns, Henry F. 
245 1 0 |a Peace Corps program impact in the Peruvian Andes ;  |b final report /  |c by Henry F. Dobyns, Paul L. Doughty [and] Allan R. Holmberg. 
264 1 |a [Ithaca,, N. Y.] :  |b Cornell University, Department of Anthropology, Cornell Peru Project,  |c [1966?] 
300 |a xiii, 329 pages :  |b illustrations 
336 |a text  |b txt  |2 rdacontent 
337 |a unmediated  |b n  |2 rdamedia 
338 |a volume  |b nc  |2 rdacarrier 
500 |a On cover: Peace Corps. Measurement of Peace Corps program impact in the Peruvian Andes; final report. 
504 |a Bibliography: pages 319-329. 
610 1 0 |a Peace Corps (U.S.) 
650 0 |a Technical assistance, American  |z Peru. 
710 2 |a Cornell Peru Project. 
999 |a MARS 
999 f f |s d9a36256-966a-3c1d-b972-0179006b41e8  |i dde390ff-276a-3149-997d-b99bff9b9a79  |t 0 
952 f f |p ric  |a Texas A&M University  |b Rellis Campus  |c Joint Library Facility  |d Remote Storage  |t 0  |e HC60.5 .D6  |h Library of Congress classification  |i unmediated -- volume  |m A14800651581 
998 f f |a HC60.5 .D6  |t 0  |l Remote Storage